000 00358nam a2200133Ia 4500
008 240624s9999 xx 000 0 und d
041 _aeng
082 _a658.155 FAB
100 _aFABOZZI FRANK J
245 _aADVANCES IN FIXED INCOME VALUATION MODEL
260 _c1997
_aPennsylvania
_bJohn Wiley and Sons
300 _a379 : p. : cm. ; 24
365 _c
_b30
999 _c10581
_d10581